[Event "ROM-ch"]
[Site "Amara"]
[Date "2007.02.22"]
[Round "8"]
[White "Baciu, Stefan"]
[Black "Carlan, Ionut"]
[Result "1-0"]
[WhiteElo "2232"]
[BlackElo "2121"]
[PlyCount "85"]
[EventDate "2007.02.16"]
[EventType "swiss"]
[EventRounds "9"]
[EventCountry "ROU"]
[SourceTitle "CBM 117 Extra"]
[Source "ChessBase"]
[SourceDate "2007.05.09"]
[SourceVersion "1"]
[SourceVersionDate "2007.05.09"]
[SourceQuality "1"]

1. d4 Nf6 2. c4 e6 3. Nc3 c5 4. d5 d6 5. e4 Be7 6. Bd3 0-0 7. h3 a6 8. a4 Re8 9. Nf3 b6 10. 0-0 Bf8 11. Re1 e5 12. Be3 g6 13. Bf1 Nh5 14. g3 Ra7 15. Bg2 f5 16. exf5 gxf5 17. Nxe5 Rxe5 18. Qxh5 f4 19. Qd1 fxe3 20. f4 Re8 21. Ne4 Bg7 22. Re2 Bf5 23. Ng5 h6 24. Ne6 Bxe6 25. dxe6 Kh8 26. f5 Bd4 27. Ra3 Qg5 28. g4 h5 29. Rd3 Qf4 30. Qf1 Qxf1+ 31. Kxf1 hxg4 32. hxg4 Rg7 33. Bf3 Rg5 34. Rexe3 Kg7 35. Rb3 Bf6 36. Rxb6 Be7 37. Kg2 Kf6 38. Kg3 Reg8 39. Kf4 Rh8 40. Rb7 Rg7 41. Re2 Rhg8 42. Rh2 Rg5 43. Rh7 1-0

[Event "Benidorm Bali op-A"]
[Site "Benidorm"]
[Date "2003.11.23"]
[Round "3"]
[White "Carlan, Ionut"]
[Black "Penillas Mendez, Ismael"]
[Result "0-1"]
[WhiteElo "2061"]
[BlackElo "2176"]
[PlyCount "144"]
[EventDate "2003.11.21"]
[EventType "swiss"]
[EventRounds "9"]
[EventCountry "ESP"]
[SourceTitle "CBM 097 Extra"]
[Source "ChessBase"]
[SourceDate "2004.01.13"]
[SourceVersion "1"]
[SourceVersionDate "2004.01.13"]
[SourceQuality "1"]

1. e4 e5 2. Nf3 Nc6 3. Bc4 Nf6 4. 0-0 Be7 5. d4 exd4 6. e5 Ne4 7. Re1 d5 8. Bb5 Bg4 9. c4 0-0 10. cxd5 Qxd5 11. Bxc6 bxc6 12. Qxd4 Rfd8 13. Qxd5 cxd5 14. Nd4 Bd7 15. f3 Ng5 16. Nc3 Ne6 17. Nf5 Bc5+ 18. Kf1 Bc8 19. Rd1 Ba6+ 20. Ke1 g6 21. Nh6+ Kg7 22. Rxd5 Rxd5 23. Nxd5 Rd8 24. Ne3 Nf4 25. Nef5+ gxf5 26. Bxf4 Bc8 27. Rc1 Bb4+ 28. Ke2 Be6 29. Rxc7 Kg6 30. g4 fxg4 31. Nxg4 Bxa2 32. Kf2 h5 33. Nf6 a5 34. Ne4 Rd1 35. Rc6+ Be6 36. Nc5 Kf5 37. Nxe6 fxe6 38. Rc4 Rb1 39. Bc1 Kxe5 40. Ke3 Kd5 41. Kd3 e5 42. Rc8 Ra1 43. Kc2 h4 44. Rh8 Be7 45. Rh5 Ra4 46. f4 Rc4+ 47. Kd1 Bf6 48. b3 Rd4+ 49. Kc2 Ke6 50. Be3 Rd5 51. f5+ Kf7 52. Bf2 Be7 53. Bxh4 Bb4 54. Rh7+ Kg8 55. Rc7 Rd2+ 56. Kc1 Rxh2 57. Bg3 Re2 58. f6 Re3 59. Rg7+ Kf8 60. Kc2 e4 61. Be5 Re2+ 62. Kd1 Rd2+ 63. Kc1 e3 64. Bf4 Ba3+ 65. Kb1 Rb2+ 66. Ka1 e2 67. Rg1 Kf7 68. Bc1 Rxb3 69. Bxa3 Rxa3+ 70. Kb2 Re3 71. Re1 a4 72. Kc2 a3 0-1